000 00478nam a2200181Ia 4500
008 170705s9999 xx 000 0 und d
020 _a9780670885169
245 _aCam Jansen and the barking treasure mystery /
245 _cDavid A. Adler ; illustrated by Susanna Natti.
260 _aLondon :
260 _bViking,
260 _c1999
300 _a55 pages :
300 _bcolor illustration ;
440 _aThe Cam Jansen series ;
440 _v19
500 _a450
999 _c336916
_d336916